[Event "U.S. Amateur North U1600"]
[Site "Detroit, MI"]
[Date "2003.05.18"]
[Round "4.1"]
[White "Durbin, Ricky"]
[Black "Mandell, Ed"]
[Result "1-0"]
[WhiteElo "1579"]
[BlackElo "1243"]
[PlyCount "39"]
[EventDate "2003.05.17"]

1. d4 Nf6 2. c4 d5 3. Nf3 Nc6 4. Nc3 Bg4 5. e3 e5 6. dxe5 Nxe5 7. Qa4+ Bd7 8.
Qd1 Bg4 9. Be2 Nxf3+ 10. Bxf3 Bxf3 11. Qxf3 c6 12. cxd5 Nxd5 13. e4 Nb4 14. O-O
Qd3 15. Qg4 Qd7 16. Qe2 O-O-O 17. Be3 b6 18. Rfd1 Qe6 19. a3 Na6 20. Qxa6+ 1-0

[Event "U.S. Amateur North U1600"]
[Site "Detroit, MI"]
[Date "2003.05.18"]
[Round "4.9"]
[White "Dixon, Decarlos"]
[Black "McShan, Kwame"]
[Result "0-1"]
[WhiteElo "433"]
[BlackElo "996"]
[PlyCount "40"]
[EventDate "2003.05.17"]

1. e4 e6 2. Nf3 d5 3. exd5 exd5 4. Nc3 Nf6 5. d4 Bf5 6. Be2 Bd6 7. Bg5 Nbd7 8.
Bb5 c6 9. Ba4 O-O 10. O-O Re8 11. Nxd5 cxd5 12. Bxf6 Qxf6 13. Bxd7 Bxd7 14. Qd3
Bg4 15. Rfe1 Re4 16. Qb3 Bxf3 17. Qxf3 Qxd4 18. Qb3 Rae8 19. Rad1 Rxe1+ 20.
Rxe1 Rxe1# 0-1

[Event "U.S. Amateur North U1600"]
[Site "Detroit, MI"]
[Date "2003.05.18"]
[Round "4.3"]
[White "Collins, Michael"]
[Black "McNair, Shaun"]
[Result "1-0"]
[WhiteElo "1416"]
[BlackElo "1388"]
[PlyCount "39"]
[EventDate "2003.05.17"]

1. e4 e5 2. Nf3 Nc6 3. Bc4 Be7 4. d4 exd4 5. c3 dxc3 6. Qd5 Nh6 7. Bxh6 O-O 8.
Bxg7 Kxg7 9. Nxc3 d6 10. Qh5 Qd7 11. h3 Bf6 12. Rd1 Re8 13. O-O Ne5 14. Ng5 h6
15. Nd5 Bxg5 16. f4 Nxc4 17. fxg5 Re6 18. Rf6 Rxf6 19. Nxf6 Qe6 20. Qxh6# 1-0

[Event "U.S. Amateur North"]
[Site "Detroit, MI"]
[Date "2003.05.18"]
[Round "4.7"]
[White "Choyke, Jack"]
[Black "Vandivier, Don"]
[Result "0-1"]
[WhiteElo "1619"]
[BlackElo "1892"]
[PlyCount "102"]
[EventDate "2003.05.17"]

1. d4 Nf6 2. Bg5 e6 3. e4 h6 4. Bxf6 Qxf6 5. Nf3 c5 6. e5 Qf4 7. Be2 cxd4 8.
Qxd4 Qxd4 9. Nxd4 a6 10. Nd2 d5 11. O-O Nc6 12. Nxc6 bxc6 13. c4 g5 14. cxd5
exd5 15. Rac1 Bd7 16. Bd3 Bg7 17. Rfe1 O-O 18. Nf3 Rfe8 19. Nd4 Bxe5 20. Nf5
Bxf5 21. Bxf5 Bxb2 22. Bd7 Bxc1 23. Rxe8+ Rxe8 24. Bxe8 c5 25. Bc6 d4 26. Bb7
a5 27. Ba6 Kf8 28. Kf1 Ke7 29. f3 Kd6 30. Bc4 f5 31. a4 Ke5 32. Ke2 Bf4 33. h3
Bg3 34. Kd3 Kf4 35. Be6 Bf2 36. Bd7 h5 37. g4 fxg4 38. fxg4 h4 39. Kc4 Kg3 40.
Bf5 Kxh3 41. Kxc5 d3+ 42. Kc4 d2 43. Bc2 Kxg4 44. Kd3 Be1 45. Ke2 Kf4 46. Kf1
g4 47. Kg2 h3+ 48. Kh1 g3 49. Kg1 Bf2+ 50. Kf1 Be3 51. Bd1 g2+ 0-1

[Event "U.S. Amateur North"]
[Site "Detroit, MI"]
[Date "2003.05.18"]
[Round "5.6"]
[White "Burwell, Ray"]
[Black "Babka, Jay"]
[Result "1/2-1/2"]
[WhiteElo "1630"]
[BlackElo "1721"]
[PlyCount "55"]
[EventDate "2003.05.17"]

1. b3 e5 2. Bb2 Nc6 3. e3 d6 4. Nc3 Be6 5. d4 exd4 6. exd4 d5 7. Nf3 Bb4 8. Bb5
Nge7 9. O-O O-O 10. a3 Bd6 11. Re1 a6 12. Bd3 Ng6 13. Ne2 Bg4 14. Ng3 Qf6 15.
Be2 Nf4 16. Ne5 Bxe2 17. Nxe2 Qg5 18. Nxf4 Qxf4 19. Nf3 Rfe8 20. Qd2 Qxd2 21.
Nxd2 Re7 22. Rxe7 Bxe7 23. Re1 Kf8 24. Nf3 Rd8 25. Kf1 Na5 26. Bc3 Nc6 27. Bb2
Na5 28. Bc3 1/2-1/2

[Event "U.S. Amateur North U1600"]
[Site "Detroit, MI"]
[Date "2003.05.18"]
[Round "4.5"]
[White "Beydoun, Mohammed"]
[Black "Rayon, Shawn"]
[Result "1/2-1/2"]
[WhiteElo "1316"]
[BlackElo "1534"]
[PlyCount "86"]
[EventDate "2003.05.17"]

1. e4 e5 2. Nf3 Nc6 3. Bc4 Bc5 4. d3 h6 5. O-O d6 6. h3 Nf6 7. Nc3 Be6 8. Bxe6
fxe6 9. Re1 O-O 10. Bd2 Nd4 11. Nxd4 Bxd4 12. Rf1 Qe8 13. Ne2 Bb6 14. Ng3 Qg6
15. Kh2 Nd7 16. Qe1 Rf7 17. Be3 Raf8 18. Bxb6 axb6 19. f3 Kh8 20. Ne2 Nb8 21.
Nc3 Nc6 22. Nb5 Qg5 23. Qg3 Qd2 24. Qf2 Qb4 25. c4 d5 26. exd5 exd5 27. cxd5
Qxb5 28. dxc6 Qxc6 29. Rfd1 Rd8 30. Qe2 Rfd7 31. Qxe5 Qd6 32. Qxd6 Rxd6 33.
Rac1 c6 34. Rc3 Kg8 35. Kg1 Re8 36. Rc2 Red8 37. Rcd2 c5 38. b3 b5 39. Kf2 Rd4
40. Ke2 Re8+ 41. Kf2 Red8 42. Ke2 Re8+ 43. Kf2 Red8 1/2-1/2

[Event "U.S. Amateur North U1600"]
[Site "Detroit, MI"]
[Date "2003.05.18"]
[Round "5.7"]
[White "Beydoun, Mohammed"]
[Black "Ellis, Jeff"]
[Result "0-1"]
[WhiteElo "1316"]
[BlackElo "1405"]
[PlyCount "41"]
[EventDate "2003.05.17"]

1. e4 e5 2. Nf3 Nc6 3. Bc4 Bc5 4. d3 Nf6 5. Bg5 h6 6. Bh4 d6 7. h3 Nd4 8. c3
Ne6 9. b4 Bb6 10. a4 a6 11. a5 Ba7 12. O-O Nf4 13. Re1 g5 14. Bg3 N6h5 15. Bh2
Rg8 16. d4 Qf6 17. dxe5 dxe5 18. Bf1 g4 19. hxg4 Bxg4 20. g3 Bxf3 21. Qd2 0-1

[Event "U.S. Amateur North"]
[Site "Detroit, MI"]
[Date "2003.05.18"]
[Round "4.5"]
[White "Babka, Jay"]
[Black "Garrison, Ray"]
[Result "0-1"]
[WhiteElo "1721"]
[BlackElo "1869"]
[Annotator "Don Vandivier"]
[PlyCount "71"]
[EventDate "2003.05.17"]

{Dutch} 1. d4 f5 2. Nf3 g6 3. c3 Bg7 4. Bg5 h6 5. Bf4 d6 6. h4 Nc6 7. e3 e6 8.
Bd3 $2 {DIAGRAM White's last move was a terrible blunder. Do you see why?} e5
$1 9. d5 ({If} 9. dxe5 dxe5 10. Bg3 e4) 9... Nce7 10. Bg3 e4 11. Bb5+ c6 12.
dxc6 bxc6 {And Black won easily with his piece up.} 13. Ba4 exf3 14. gxf3 d5
15. Nd2 Nf6 16. Nb3 Nh5 17. Bh2 O-O 18. Rg1 f4 19. Nc5 Qa5 20. Nd3 fxe3 21.
fxe3 Bf5 22. Ne5 Qb6 23. Qe2 a5 24. e4 Bxe5 25. exf5 Bxh2 26. Qe6+ Rf7 27.
Rxg6+ Nxg6 28. Qxg6+ Ng7 29. O-O-O Rb8 30. Qg2 Bf4+ 31. Kb1 Rxf5 32. Rg1 Rf7
33. Bb3 Rfb7 34. Qg6 a4 35. Qe6+ Kh8 36. Qf6 0-1

[Event "U.S. Amateur North U1600"]
[Site "Detroit, MI"]
[Date "2003.05.18"]
[Round "4.6"]
[White "Aguilar, Javier"]
[Black "Ellis, Jeff"]
[Result "1-0"]
[WhiteElo "1292"]
[BlackElo "1405"]
[PlyCount "89"]
[EventDate "2003.05.17"]

1. d4 c5 2. e3 d5 3. c3 Nf6 4. Bd3 Nc6 5. f4 c4 6. Be2 Bf5 7. Nf3 e6 8. O-O b5
9. Ne5 Nxe5 10. fxe5 Ne4 11. Nd2 Qg5 12. Nxe4 dxe4 13. Rf4 Bh3 14. Bg4 Bxg4 15.
Qxg4 Qxg4 16. Rxg4 f5 17. exf6 gxf6 18. Rxe4 Kd7 19. Bd2 Bh6 20. Rf1 Bg5 21.
Bc1 f5 22. Re5 a6 23. e4 Bxc1 24. Rxc1 fxe4 25. Rxe4 Rhf8 26. Rce1 Rae8 27. Re5
h6 28. Rh5 Rf6 29. Rhe5 Kd6 30. d5 Re7 31. Rxe6+ Rexe6 32. Rxe6+ Rxe6 33. dxe6
Kxe6 34. Kf2 Kf6 35. Ke3 Ke5 36. g4 a5 37. h4 b4 38. cxb4 axb4 39. g5 c3 40.
bxc3 bxc3 41. Kd3 hxg5 42. hxg5 c2 43. Kxc2 Kf5 44. a4 Kxg5 45. a5 1-0

[Event "Flint May Tuesday Night Swiss"]
[Site "Flint, MI"]
[Date "2003.05.20"]
[Round "3"]
[White "Mandell, Ed"]
[Black "Saylor, Oliver"]
[Result "0-1"]
[WhiteElo "1243"]
[BlackElo "1427"]
[PlyCount "93"]
[EventDate "2003.05.06"]

1. d4 d5 2. b3 Nc6 3. e3 Nf6 4. h3 Bf5 5. a3 e6 6. Nf3 Bd6 7. Bb2 O-O 8. Ne5
Ne4 9. Nxc6 bxc6 10. Bd3 Qg5 11. Qf3 Bg6 12. Bxe4 Bxe4 13. Qg4 Qxg4 14. hxg4
Bxc2 15. Nd2 Rab8 16. b4 a5 17. Rc1 Bd3 18. Rxc6 axb4 19. a4 Ra8 20. Nb3 Rxa4
21. Nc5 Ra2 22. Nxd3 Rfa8 23. O-O f5 24. gxf5 exf5 25. g3 Re8 26. Ra1 Rea8 27.
Rxa2 Rxa2 28. Rc1 Ra8 29. Ra1 Rb8 30. Nf4 Bxf4 31. exf4 Rb6 32. Rb1 Kf7 33. f3
Ke6 34. g4 h6 35. Kg2 g6 36. Kg3 Rc6 37. Rc1 Rxc1 38. Bxc1 b3 39. Kh4 Kd6 40.
Kg3 c5 41. Kf2 c4 42. Ke2 c3 43. Kd3 b2 44. Bxb2 cxb2 45. Kc2 b1=Q+ 46. Kxb1
fxg4 47. fxg4 0-1

[Event "Flint May Tuesday Night Swiss"]
[Site "Flint, MI"]
[Date "2003.05.20"]
[Round "3"]
[White "Hazzard, William"]
[Black "Laurin, Edward"]
[Result "0-1"]
[WhiteElo "1622"]
[BlackElo "1832"]
[Annotator "Edward Laurin"]
[PlyCount "72"]
[EventDate "2003.05.06"]

1. d4 Nf6 2. Bg5 Ne4 3. Bh4 d5 (3... g5 {is slightly more accurate.}) 4. f3 Nd6
5. Nd2 Bf5 ({This gives White the advantage, correct was} 5... c6) 6. c4 c6 7.
c5 Nb5 8. Qa4 Bg6 9. e3 (9. e4 dxe4 10. Bxb5 cxb5 11. Qxb5+ Qd7 12. Qxd7+ Nxd7
13. fxe4 e5 $15) 9... a6 10. Nh3 Nd7 11. Be2 Qc8 (11... b6 {negates some of
White's initiative.}) 12. O-O ({White has no need of castling in this
particular position. Playing} 12. Nf4 {right away helps keep ahold of his
advantage in developement.}) 12... e5 13. Rac1 b6 ({This weakens Black's
queen-side, he needs to play} 13... Bf5 {instead.}) 14. b4 (14. f4 {makes more
sense.}) 14... exd4 15. exd4 Nxd4 {Now Black has the advantage.} 16. Rfe1 Ne6
17. Nb3 (17. cxb6 Nxb6 18. Qa5) 17... b5 18. Qa5 Be7 19. Bxe7 Kxe7 20. Bf1 Re8
21. Nf4 Kf8 22. Nxg6+ hxg6 23. Rcd1 Qb8 24. Qa3 ({White should attempt to
double his rooks with} 24. Rd3 {or}) (24. Re3) 24... Qf4 25. Na5 Nd4 26. Qd3
Rxe1 27. Rxe1 Re8 $2 (27... Nxf3+ 28. Qxf3 Qxb4 $19) 28. Rxe8+ Kxe8 29. Nb3
Nxb3 30. axb3 (30. Qxb3) 30... Ne5 31. Qe2 Kf8 32. Qf2 Qxb4 33. f4 $4 Ng4 $1
34. Qc2 Qd4+ 35. Kh1 Nf2+ 36. Qxf2 (36. Kg1 Nh3+ 37. Kh1 Qg1#) 36... Qxf2 $19
0-1

[Event "Chicago Open"]
[Site "Chicago, IL"]
[Date "2003.05.23"]
[Round "1"]
[White "Cottrell-Finegold, Kelly"]
[Black "Anderson, Renard"]
[Result "0-1"]
[WhiteElo "1464"]
[BlackElo "2271"]
[PlyCount "90"]
[EventDate "2003.05.23"]

1. d4 Nf6 2. c4 e6 3. Nc3 Bb4 4. Bd2 d5 5. cxd5 exd5 6. e3 O-O 7. Bd3 Re8 8.
Nf3 Nbd7 9. O-O a5 10. a3 Bd6 11. Qc2 c6 12. e4 dxe4 13. Nxe4 Nxe4 14. Bxe4 Nf6
15. Bg5 h6 16. Bxf6 Qxf6 17. Bd3 Bg4 18. Ne5 Bxe5 19. dxe5 Rxe5 20. Qb3 Qe7 21.
h3 Be6 22. Qc3 Bd5 23. Rae1 Qg5 24. g4 Rxe1 25. Rxe1 Qf4 26. Qe5 Qxe5 27. Rxe5
Kf8 28. Re2 Re8 29. Rd2 Re1+ 30. Kh2 g5 31. f3 Bxf3 32. Kg3 Bd5 33. Kf2 Rh1 34.
Bf1 Rh2+ 35. Ke3 Rxd2 36. Kxd2 Ke7 37. Kd3 Kd6 38. Kc3 Ke5 39. b4 axb4+ 40.
Kxb4 b6 41. a4 Kf4 42. a5 bxa5+ 43. Kxa5 Kg3 44. Kb6 Bg2 45. Bc4 f6 0-1

[Event "Chicago Open"]
[Site "Chicago, IL"]
[Date "2003.05.24"]
[Round "2"]
[White "Finegold, Ben"]
[Black "Bhatia, Beenish"]
[Result "1-0"]
[WhiteElo "2636"]
[BlackElo "2390"]
[PlyCount "64"]
[EventDate "2003.05.23"]

1. d4 d5 2. c4 c6 3. Nf3 Nf6 4. Qc2 e6 5. g3 Bd6 6. Bg2 Nbd7 7. O-O O-O 8. Nbd2
Qe7 9. b3 e5 10. Nh4 e4 11. Nf5 Qe6 12. Nxd6 Qxd6 13. cxd5 cxd5 14. Nb1 b5 15.
a4 b4 16. Bf4 Qb6 17. a5 Qxd4 18. Ra4 Qc5 19. Qxc5 Nxc5 20. Rxb4 Ba6 21. Nc3
Rfc8 22. Be5 Nfd7 23. Bd4 Rab8 24. Nxd5 Nxb3 25. Rxb3 Rxb3 26. Ne7+ Kf8 27.
Nxc8 Bxc8 28. Bxa7 Ra3 29. Rc1 Ba6 30. Bxe4 Rxa5 31. Bd4 f5 32. Bc3 Rb5 1-0

[Event "Chicago Open"]
[Site "Chicago, IL"]
[Date "2003.05.26"]
[Round "6"]
[White "Finegold, Ben"]
[Black "Young, Angelo"]
[Result "1-0"]
[WhiteElo "2636"]
[BlackElo "2395"]
[PlyCount "80"]
[EventDate "2003.05.23"]

1. d4 d6 2. Nf3 g6 3. c4 Bg4 4. Nbd2 Bg7 5. e3 c5 6. Be2 Nf6 7. O-O O-O 8. b3
Nc6 9. Bb2 Nd7 10. h3 cxd4 11. exd4 Bxf3 12. Nxf3 d5 13. Qd2 Nf6 14. Qe3 e6 15.
Ne5 Rc8 16. Bf3 Re8 17. Rfd1 Rc7 18. Rac1 Ne7 19. g4 h6 20. Re1 Nc8 21. c5 Nh7
22. b4 Qh4 23. Bg2 h5 24. Nf3 Qd8 25. b5 hxg4 26. hxg4 Nf6 27. Ne5 Nd7 28. Nd3
Qh4 29. Qf4 Qd8 30. Bxd5 g5 31. Qg3 Ne7 32. Bb3 Nf6 33. Qe3 Bh6 34. Qf3 Ned5
35. Kg2 Bg7 36. Re2 Rd7 37. Rh1 Nh7 38. Re4 Nf8 39. Ne5 Nf6 40. Nxd7 Qxd7 {Time
} 1-0

[Event "Flint May Tuesday Night Swiss"]
[Site "Flint, MI"]
[Date "2003.05.27"]
[Round "4"]
[White "Mandell, Ed"]
[Black "Davidovich, Manis"]
[Result "0-1"]
[WhiteElo "1243"]
[BlackElo "2117"]
[PlyCount "50"]
[EventDate "2003.05.06"]

1. b3 d5 2. Nf3 c5 3. Bb2 Nc6 4. d4 Bg4 5. e3 Qa5+ 6. Bc3 Qc7 7. h3 Bxf3 8.
Qxf3 Nf6 9. dxc5 e5 10. Bb5 Bxc5 11. Qf5 Nd7 12. f4 O-O 13. Bxc6 Qxc6 14. Kf2
d4 15. exd4 exd4 16. Bd2 Nf6 17. Re1 Rae8 18. Re5 Ne4+ 19. Kg1 Rxe5 20. fxe5
d3+ 21. Kh2 dxc2 22. Bf4 Bd4 23. Nc3 Bxc3 24. Rf1 Qg6 25. Qxg6 fxg6 0-1

[Event "Michigan Senior"]
[Site "Warren, MI"]
[Date "2003.06.??"]
[Round "4.2"]
[White "LaForge, Tom"]
[Black "Champney, Norm"]
[Result "1-0"]
[WhiteElo "1907"]
[BlackElo "1752"]
[PlyCount "75"]
[EventDate "2003.06.07"]

1. e4 c6 2. d4 d5 3. Nd2 dxe4 4. Nxe4 Nd7 5. Bc4 Ndf6 6. Ng5 Nh6 7. N1f3 Bf5 8.
Ne5 e6 9. f3 Bd6 10. Qe2 Qc7 11. Ne4 Bxe4 12. Bxh6 gxh6 13. fxe4 Bxe5 14. dxe5
Qxe5 15. O-O-O Rd8 16. Rxd8+ Kxd8 17. Qd2+ Ke7 18. Qxh6 Rd8 19. Bd3 Nxe4 20.
Qxh7 Qg5+ 21. Kb1 Nf2 22. Rf1 Qxg2 23. Qh4+ Kd7 24. Qxf2 Qxf2 25. Rxf2 Ke7 26.
Kc1 f5 27. Rg2 Kf6 28. Kd2 e5 29. Ke2 e4 30. Bc4 f4 31. Rg4 Kf5 32. Rg8 Rd7 33.
Rf8+ Kg5 34. h4+ Kxh4 35. Rxf4+ Kg5 36. Rxe4 b6 37. Ke3 c5 38. a4 1-0

[Event "Chess Express June Slow Top"]
[Site "Ann Arbor, MI"]
[Date "2003.06.01"]
[Round "1"]
[White "Laurin, Edward"]
[Black "Finegold, Ben"]
[Result "0-1"]
[WhiteElo "1787"]
[BlackElo "2631"]
[PlyCount "66"]
[EventDate "2003.06.01"]

1. e4 c5 2. Nf3 Nc6 3. d4 cxd4 4. Nxd4 Nf6 5. Nc3 d6 6. Be3 Ng4 7. Qd2 Nxe3 8.
Qxe3 e6 9. O-O-O Be7 10. Kb1 O-O 11. f4 a6 12. g4 Qb6 13. Nf5 Qxe3 14. Nxe3 b5
15. Bg2 Bb7 16. h4 Rac8 17. g5 Na5 18. Rhe1 Nc4 19. Nxc4 Rxc4 20. Bf1 Rc7 21.
a3 Rfc8 22. Rd2 h6 23. Bd3 Rc5 24. Rg2 hxg5 25. hxg5 g6 26. f5 exf5 27. Nd5
Bxd5 28. exd5 Bf8 29. Bxf5 gxf5 30. g6 fxg6 31. Rxg6+ Kf7 32. Ree6 Bg7 33. Rxd6
Rxc2 0-1

[Event "Chess Express June Slow Bottom"]
[Site "Ann Arbor, MI"]
[Date "2003.06.01"]
[Round "1"]
[White "Kuczek, Kevin"]
[Black "Johnson, Marshall"]
[Result "1-0"]
[WhiteElo "1521"]
[BlackElo "1293"]
[PlyCount "57"]
[EventDate "2003.06.01"]

1. e4 c5 2. Nc3 Nc6 3. f4 g6 4. Nf3 Bg7 5. Bc4 a6 6. a4 d6 7. O-O Nf6 8. d3 O-O
9. Qe1 Qc7 10. Qh4 Bd7 11. f5 Nd4 12. Ng5 gxf5 13. Nd5 Rfc8 14. Nxc7 Rxc7 15.
Bxf7+ Kf8 16. Bb3 h6 17. Nf3 fxe4 18. Nxd4 cxd4 19. dxe4 Be8 20. Bxh6 Rcc8 21.
Bxg7+ Kxg7 22. Rf3 Bg6 23. Raf1 Rh8 24. Qg3 Rh5 25. Rxf6 exf6 26. Qxd6 Bxe4 27.
Qxf6+ Kh7 28. Qe7+ Kh6 29. Qxe4 1-0

[Event "Chess Express June Slow Bottom"]
[Site "Ann Arbor, MI"]
[Date "2003.06.01"]
[Round "3"]
[White "Johnson, Marshall"]
[Black "Ellis, Jeff"]
[Result "1-0"]
[WhiteElo "1293"]
[BlackElo "1405"]
[PlyCount "43"]
[EventDate "2003.06.01"]

1. Nf3 d5 2. d4 c5 3. g3 Nc6 4. Bg2 Bf5 5. O-O Nf6 6. c4 e6 7. Ne5 Nxd4 8. Na3
Bd6 9. Qa4+ Kf8 10. f4 Nxe2+ 11. Kh1 Bxe5 12. fxe5 Ne4 13. Rxf5 N4xg3+ 14. hxg3
Nxg3+ 15. Kg1 Nxf5 16. cxd5 exd5 17. Qg4 Qd7 18. Bh3 g6 19. Bh6+ Ke8 20. Rf1
Rd8 21. Rxf5 Qxf5 22. Qa4+ 1-0

[Event "Chess Express June Slow Top"]
[Site "Ann Arbor, MI"]
[Date "2003.06.01"]
[Round "3"]
[White "Gabbara, Faris"]
[Black "Finegold, Ben"]
[Result "0-1"]
[WhiteElo "2060"]
[BlackElo "2631"]
[PlyCount "72"]
[EventDate "2003.06.01"]

1. c4 c5 2. g3 g6 3. Bg2 Bg7 4. Nc3 Nc6 5. e3 e5 6. Nge2 Nge7 7. O-O d6 8. Nd5
Nxd5 9. cxd5 Ne7 10. d4 b6 11. dxe5 Bxe5 12. f4 Bg7 13. e4 O-O 14. Qc2 f5 15.
e5 Bb7 16. Rd1 dxe5 17. fxe5 Bxe5 18. Bh6 Qd6 19. Bxf8 Rxf8 20. Rd2 g5 21. Rf1
Kg7 22. Qc4 Ng6 23. Qd3 Bc8 24. Bh3 g4 25. Bg2 h5 26. Nc3 a6 27. Rdf2 Bd4 28.
Kh1 Bxf2 29. Rxf2 h4 30. Ne2 h3 31. Bf1 b5 32. b3 Bb7 33. Rxf5 Ne5 34. Rg5+ Kh6
35. Rxe5 Rxf1+ 36. Ng1 Qxe5 0-1

[Event "Chess Express June Slow Top"]
[Site "Ann Arbor, MI"]
[Date "2003.06.01"]
[Round "2"]
[White "Finegold, Ben"]
[Black "Rhee, William"]
[Result "1-0"]
[WhiteElo "2631"]
[BlackElo "1895"]
[PlyCount "65"]
[EventDate "2003.06.01"]

1. d4 c6 2. c4 d5 3. Nc3 Nf6 4. Nf3 e6 5. Bg5 dxc4 6. e4 b5 7. e5 h6 8. Bh4 g5
9. Nxg5 hxg5 10. Bxg5 Nbd7 11. g3 Bb7 12. Bg2 Qb6 13. exf6 O-O-O 14. O-O c5 15.
d5 b4 16. Rb1 Ne5 17. Qe2 Nd3 18. Qg4 Ne5 19. Qe2 Nd3 20. Qg4 Ne5 21. Qe4 exd5
22. Qxe5 bxc3 23. bxc3 Qc7 24. Qf5+ Qd7 25. Qxd7+ Rxd7 26. h4 Kc7 27. Bh3 Rd8
28. Bf4+ Bd6 29. Bxd6+ Rxd6 30. Rfe1 Bc6 31. Re7+ Bd7 32. Rxf7 Rh6 33. Rd1 1-0

[Event "Flint June Tuesday Night Swiss"]
[Site "Flint, MI"]
[Date "2003.06.03"]
[Round "1"]
[White "Saylor, Oliver"]
[Black "Mandell, Ed"]
[Result "0-1"]
[WhiteElo "1549"]
[BlackElo "1258"]
[PlyCount "87"]
[EventDate "2003.06.03"]

1. e4 e5 2. Nf3 d5 3. exd5 Bd6 4. Nc3 Nf6 5. Bb5+ c6 6. dxc6 bxc6 7. Bc4 O-O 8.
d3 Nbd7 9. Bg5 h6 10. Bh4 Qb6 11. Bb3 Bb4 12. O-O Bxc3 13. bxc3 e4 14. Nd4 Re8
15. Rb1 Qc7 16. Bg3 Ne5 17. Re1 Bg4 18. Qc1 Nh5 19. dxe4 Nxg3 20. fxg3 c5 21.
Ne2 Qa5 22. Qe3 c4 23. a4 cxb3 24. cxb3 Rac8 25. c4 Bxe2 26. Qxe2 Rcd8 27. Qc2
Qd2 28. Rbc1 Rd3 29. b4 Qxb4 30. Qf2 Qxa4 31. c5 Rd4 32. c6 Nd3 33. Qf5 Nxe1
34. c7 Rc4 35. c8=Q Rexc8 36. Rxe1 Rc1 37. Rf1 Qd4+ 38. Kh1 Rxf1+ 39. Qxf1 Qxe4
40. h3 Rb8 41. Qf2 Rb1+ 42. Kh2 Qe1 43. Qxf7+ Kxf7 44. g4 0-1

[Event "Michigan Senior U1600"]
[Site "Warren, MI"]
[Date "2003.06.07"]
[Round "2.1"]
[White "Scioly, Tony"]
[Black "Kilburn, Gregory"]
[Result "1-0"]
[WhiteElo "1585"]
[BlackElo "1223"]
[PlyCount "95"]
[EventDate "2003.06.07"]

1. e4 c6 2. d4 d5 3. exd5 cxd5 4. c4 e6 5. c5 Nf6 6. Nc3 a6 7. Nf3 Nc6 8. Be2
g6 9. O-O Bg7 10. Bg5 b5 11. Qd2 O-O 12. a3 Bb7 13. b4 Qd7 14. Bh6 Rfd8 15.
Bxg7 Kxg7 16. Qf4 Qe7 17. Rfd1 Rd7 18. Rd3 a5 19. Ne5 Nxe5 20. Qxe5 Bc6 21. Rf3
axb4 22. Nxb5 bxa3 23. Raxa3 Rxa3 24. Rxa3 Bxb5 25. Bxb5 Rb7 26. Rb3 Kg8 27.
Rb1 Ne4 28. Bd3 Rxb1+ 29. Bxb1 Nxc5 30. dxc5 Qxc5 31. Qb8+ Kg7 32. g3 Qf8 33.
Qxf8+ Kxf8 34. f4 f6 35. Kf2 Ke7 36. Ke3 h6 37. Bxg6 Kd6 38. g4 Ke7 39. h4 Kd6
40. Bf7 Ke7 41. Bg8 Kd6 42. g5 fxg5 43. fxg5 h5 44. Bf7 Ke7 45. Bxh5 e5 46. Bg6
Kf8 47. Bf5 Kg7 48. h5 1-0

[Event "Michigan Senior U1600"]
[Site "Warren, MI"]
[Date "2003.06.07"]
[Round "1.2"]
[White "Saylor, Oliver"]
[Black "Poniatowski, Don"]
[Result "1-0"]
[WhiteElo "1547"]
[BlackElo "1350"]
[PlyCount "131"]
[EventDate "2003.06.07"]

1. e4 d5 2. exd5 Nf6 3. Nf3 Nxd5 4. d4 Bg4 5. Be2 Nc6 6. c3 e6 7. O-O Be7 8.
Nbd2 O-O 9. Nc4 a6 10. Ne3 Nxe3 11. Bxe3 Bf6 12. Qa4 b5 13. Qc2 Ne7 14. Ng5
Bxg5 15. Bxg5 Bxe2 16. Qxe2 h6 17. Bf4 Ng6 18. Be3 Qd5 19. Rad1 Rfe8 20. b3 Qc6
21. Rd3 Rad8 22. Qg4 e5 23. Rc1 Qd7 24. Qd1 exd4 25. Rxd4 Qe7 26. h3 Rxd4 27.
Bxd4 Qe2 28. a4 Qxd1+ 29. Rxd1 bxa4 30. bxa4 Re2 31. Rb1 Ra2 32. Rb4 Nf4 33.
Kh2 Ne6 34. Be3 Rc2 35. Rc4 Kh7 36. Rc6 Ra2 37. Rxa6 Ra3 38. c4 Rc3 39. c5 Rc4
40. a5 Ra4 41. Ra8 c6 42. Kg3 Kg6 43. Kf3 Nc7 44. Rc8 Nb5 45. Rxc6+ f6 46. Ra6
Ra3 47. Ra8 Nd4+ 48. Ke4 Nc6 49. a6 Nb4 50. a7 Nc6 51. g3 Rxa7 52. Rxa7 Nxa7
53. Kd5 Kf7 54. Kd6 Ke8 55. c6 Nxc6 56. Kxc6 Ke7 57. h4 Ke6 58. h5 f5 59. Bd4
Kf7 60. Kd6 g6 61. hxg6+ Kxg6 62. Be3 Kh5 63. Ke5 Kg6 64. Bxh6 Kxh6 65. Kxf5
Kg7 66. g4 1-0

[Event "Michigan Senior"]
[Site "Warren, MI"]
[Date "2003.06.07"]
[Round "1.5"]
[White "Roth, Bruce"]
[Black "Matias, I.C."]
[Result "1/2-1/2"]
[WhiteElo "1566"]
[BlackElo "1745"]
[PlyCount "68"]
[EventDate "2003.06.07"]

1. e4 c6 2. d4 d5 3. exd5 cxd5 4. c4 Nf6 5. Nc3 e6 6. Nf3 Be7 7. Be2 O-O 8. O-O
dxc4 9. Bxc4 a6 10. a3 b5 11. Bb3 Bb7 12. Be3 Nd5 13. Nxd5 Bxd5 14. Bxd5 Qxd5
15. Rc1 Nd7 16. Qe2 Nb6 17. Rc2 Rac8 18. Rfc1 Rxc2 19. Rxc2 Qb7 20. Qd1 Rc8 21.
Qc1 Rxc2 22. Qxc2 f6 23. Nd2 Nd5 24. Nb3 Qc7 25. Nc5 Nxe3 26. fxe3 Bxc5 27.
dxc5 g6 28. b4 Kf7 29. Qd3 h5 30. g3 f5 31. Qd4 Qc6 32. Qh8 Qe4 33. Qh7+ Kf6
34. Qh8+ Kf7 1/2-1/2

[Event "Michigan Senior U1600"]
[Site "Warren, MI"]
[Date "2003.06.07"]
[Round "2.4"]
[White "Poniatowski, Don"]
[Black "Mandell, Ed"]
[Result "0-1"]
[WhiteElo "1350"]
[BlackElo "1258"]
[PlyCount "92"]
[EventDate "2003.06.07"]

1. e4 e5 2. d4 exd4 3. Nf3 Bb4+ 4. Bd2 Qe7 5. a3 Qxe4+ 6. Qe2 Qxe2+ 7. Bxe2
Bxd2+ 8. Nbxd2 c5 9. O-O Nf6 10. Bc4 O-O 11. Rfe1 d5 12. Ba2 Nc6 13. Ne5 Nxe5
14. Rxe5 Be6 15. h3 Nd7 16. Re2 Rfe8 17. Nf3 Nf6 18. Nd2 Bf5 19. Rae1 Rxe2 20.
Rxe2 Rd8 21. Bb1 Re8 22. Kf1 Rxe2 23. Kxe2 Ne4 24. g4 Nxd2 25. Kxd2 Be4 26. Ke2
c4 27. f3 Bg6 28. a4 f5 29. Kd2 fxg4 30. hxg4 b6 31. Ba2 a6 32. c3 d3 33. b3 b5
34. a5 Kf7 35. b4 Kf6 36. Ke3 Ke6 37. f4 h5 38. f5+ Bxf5 39. gxf5+ Kxf5 40. Kf2
g5 41. Bb1 Ke4 42. Ba2 h4 43. Bb1 g4 44. Ba2 h3 45. Kg3 Ke3 46. Bb1 Ke2 0-1